Personagens de Mortal Kombat Armaggedon - Statistics

Estatísticas Gerais
  • Esse quiz foi jogado 70 vezes
  • A pontuação média é 43 de 63
Estatísticas das Respostas
Personagens % Correto
Sub Zero
100%
Scorpion
98%
Jax
95%
Kitana
95%
Sonya
95%
Raiden
93%
Liu Kang
90%
Johnny Cage
88%
Kung Lao
88%
Mileena
88%
Baraka
86%
Goro
86%
Jade
86%
Reptile
86%
Smoke
83%
Rain
81%
Motaro
79%
Sektor
79%
Kintaro
76%
Sheeva
76%
Kano
74%
Shao Kahn
74%
Cyrax
71%
Noob Saibot
71%
Shang Tsung
71%
Sindel
71%
Blaze
69%
Onaga
69%
Quan Chi
69%
Stryker
69%
Bo Rai Cho
67%
Meat
64%
Tanya
64%
Chameleon
62%
Frost
62%
Mavado
62%
Ashrah
60%
Ermac
60%
Havik
60%
Kabal
60%
Kai
60%
Kobra
60%
Nitara
60%
Kira
57%
Shinnok
57%
Kenshi
55%
Li Mei
55%
Nightwolf
55%
Sareena
55%
Taven
55%
Daegon
52%
Hsu Hao
52%
Mokap
52%
Shujinko
52%
Fujin
50%
Moloch
50%
Reiko
50%
Drahmin
48%
Darrius
45%
Hotaru
45%
Khameleon
45%
Dairou
43%
Jarek
43%
Nenhum quiz correspondente encontrado
Distribuição das Pontuações
Porcentagem de Pessoas com Cada Pontuação
Percentil de Números Respondidos
Sua Pontuação Histórica
Você não jogou esse quiz